SPOLUPRÁCA KNIHOVNÍCKYCH ZDRUŽENÍ SLOVENSKEJ REPUBLIKY A ČESKEJ REPUBLIKY

Bibliographic Details
Main Author: Džuganová, Daniela, 1959- (Author)
Format: Article
Language:Slovak
Subjects:

MARC

LEADER 00000nab a22000001a 4500
001 vtls010834279
003 SK-MaSNL
005 20260426101737.0
008 230121|2012 xo |||||||||||||||||slo|
035 |a (urnnbn)urn:nbn:sk:snk:ar-a06oav 
035 |a urn:nbn:sk:snk-ab5yib 
035 |a (uuid)434b83c0-5da2-4449-98cd-2a23c7daa3b3 
040 |a SNKBUCL  |b slo  |c SNKBUCL  |e AACR2 
041 0 |a slo 
044 |a xo  |c SK 
080 |a 026/027:061  |2 2001 
080 |a 316.4.063.34  |2 2001 
080 |a (437.311)  |2 2001 
080 |a (437.3)  |2 2001 
080 |a (437.6)  |2 2001 
100 1 |a Džuganová, Daniela,  |d 1959-  |4 aut  |9 9086 
245 1 0 |a SPOLUPRÁCA KNIHOVNÍCKYCH ZDRUŽENÍ SLOVENSKEJ REPUBLIKY A ČESKEJ REPUBLIKY  |c Daniela Džuganová 
246 3 |a COOPERATION OF LIBRARY ASSOCIATIONS OF THE SLOVAK REPUBLIC AND THE CZECH REPUBLIC 
610 2 7 |a Národní knihovna České republiky  |2 SNKKA  |9 33205 
648 7 |a 21.5.2012  |2 SNK  |9 1103928 
648 7 |a 2012  |2 SNK  |9 326619 
650 0 7 |a knihovnícke asociácie  |2 SNKPH  |9 249859 
650 0 7 |a medzinárodná spolupráca  |2 SNKPH  |9 4911 
651 7 |a Praha (Česko)  |2 SNKPH  |9 19313 
651 7 |a Česko  |2 SNKPH  |9 16753 
651 7 |a Slovensko  |2 SNKPH  |9 14231 
773 0 |t Bulletin Slovenskej asociácie knižníc  |g Roč. 20, č. 3 (2012), s. 49 
954 |a odborná, vedecká literatúra pôvodná (slovenská)  |2 lita 
958 |a OND 
958 |a EUIPO 
958 |a article5 
999 |c 3237713  |d 3239643